Economic Development (Record no. 34807)
[ view plain ]
| 000 -LEADER | |
|---|---|
| fixed length control field | 00449nam a22001817a 4500 |
| 005 - DATE AND TIME OF LATEST TRANSACTION | |
| control field | 20231207083930.0 |
| 008 - FIXED-LENGTH DATA ELEMENTS--GENERAL INFORMATION | |
| fixed length control field | 231207b |||||||| |||| 00| 0 eng d |
| 082 ## - DEWEY DECIMAL CLASSIFICATION NUMBER | |
| Classification number | 338.900 |
| Item number | TOD |
| 100 ## - MAIN ENTRY--AUTHOR | |
| Author Name | Todaro, Michael.P |
| 245 ## - TITLE STATEMENT | |
| Title | Economic Development |
| 250 ## - EDITION STATEMENT | |
| Edition statement | 8th ed. |
| 260 ## - PUBLICATION, DISTRIBUTION, ETC. | |
| Place of Publication | McGraw hill |
| Name of publisher, distributor, etc. | India |
| 300 ## - PHYSICAL DESCRIPTION | |
| Pages | 829 |
| 500 ## - GENERAL NOTE | |
| General note | Includes Index |
| 650 ## - SUBJECT ADDED ENTRY--TOPICAL TERM | |
| Subject / Department | Social Sciences/Economics |
| 700 ## - ADDED ENTRY--PERSONAL NAME | |
| Personal name | Smith, Stephen.C |
| 300 ## - PHYSICAL DESCRIPTION | |
| -- | xxvii |
| 952 ## - LOCATION AND ITEM INFORMATION (KOHA) | |
| -- | 0 |
| -- | 0 |
| Lost status | Damaged status | Collection code | Permanent Location | Current Location | Date acquired | Accession No./Barcode | Date last seen | item type | Koha item type |
|---|---|---|---|---|---|---|---|---|---|
| Economics/Commerce | Superior Information Resource Center (SIRC) Superior University - City Campus | Superior Information Resource Center (SIRC) Superior University - City Campus | 12/07/2023 | 28206 | 12/07/2023 | BOOK | BOOK |
